000 01033cam a2200289 a 4500
001 000012965
005 20240411201132.0
008 840703s1956 ag 000 0 spa
035 _a(DLC) 50015050
040 _aDO-SdBNP
_bspa
_cCarP
_dDLC
_dBNPHU
041 1 7 _aspa
_hita
_2Código de idioma MARC
082 _a345.0773
_bC289p
100 1 _aCarnelutti, Francesco,
_d1879-1965.
_929887
240 0 3 _aIl problema della pena
_lEspañol.
245 1 3 _aEl problema de la pena / :
_bFrancesco Carnelutti ; traducción de Santiago Sentis Melendo.
260 _aBuenos Aires :
_bE diciones Jurídicas Europa-América. (E.J.E.A),
_c1956.
300 _a114 p. ;
_c16 cm.
490 1 _aBreviarios de Derecho
534 _pTítulo original en italiano:
_tIl problema della pena.
650 4 _aPenas
_929888
650 0 _aDerecho penal
_917405
650 4 _aDelitos
_99514
700 1 _aSentis Melendo, Santiago,
_etr.
_929889
830 0 _aBreviarios de Derecho
_929890
910 _aCatalogación derivada
999 _a1
_n0000037
_c12612
_d12612
049 _aBNGR